=LDR 00000nam 2200000 4500 =001 INLIS000000000003116 =005 20130612091428 =008 ***********************************Ind** =035 ##$$0010-061300000003116 =041 ##$$a Ind =082 ##$$a 375 =090 ##$$a 375, Sun p =100 ##$$a Sunarto =245 ##$$a Perkembangan peserta didik / Sunarto. -- =260 ##$$a 1999 $b Jakarta : Rineka Cipta =300 ##$$a ix, 245 hlm. : ilus. ; 21 cm =650 ##$$a Pendidikan-Kurikulum =850 ##$$a NBPNMAT =990 ##$$a 0001/BPAP-NTB/20142014 =990 ##$$a 0001/BPAP-NTB/2015